| 000 | 00825nam a22002417a 4500 | ||
|---|---|---|---|
| 005 | 20141215160957.0 | ||
| 008 | 141215t2014 xxka frd 001 0 eng d | ||
| 020 | _a9781292040530 | ||
| 040 | _aEG-ScBUE | ||
| 082 | 0 | 0 |
_222 _a621.3815 _bFLO |
| 100 |
_aFloyd, Thomas L. _923350 |
||
| 245 | 1 | 0 |
_aElectronic devices : _belectron flow version / _cThomas L. Floyd. |
| 250 |
_a9th ed., _bPearson new international ed. |
||
| 260 |
_aHarlow, United Kingdom : _bPearson Education Limited, _cc.2014. |
||
| 300 |
_a945 p. : _bill. (col.) ; _c28 cm. |
||
| 490 | 0 | _aAlways learning | |
| 500 | _aGlossary : p. 925-931. | ||
| 500 | _aIndex : p. 933-945. | ||
| 650 | 0 |
_aElectronic apparatus and appliances _911507 |
|
| 650 | 0 |
_aSolid state electronics _936940 |
|
| 653 |
_bENGELC _cDecember2014 |
||
| 942 |
_2ddc _k621.3815 FLO |
||
| 999 |
_c18783 _d18755 |
||